000
00329nam a2200121 a 4500
001
4144
005
20140414132001.0
008
090317s19uu xx 00 eng d
050
_a
TR 372.44
_b
R31 2002
100
_a
Reutzel, D. Ray
245
_a
Your classroom library :
_b
new ways to give it more teaching power.
999
_c
113077
_d
113077